| 000 | 00954nab a2200217 i 4500 | ||
|---|---|---|---|
| 001 | 768714001 | ||
| 003 | CO-MdFUSB | ||
| 005 | 20260316100208.0 | ||
| 008 | 230525s1982 us ||||| |||| 00| 0 eng d | ||
| 040 |
_bspa _aCO-MdFUSB _cCO-MdFUSB _dCO-MdFUSB |
||
| 041 | _aeng | ||
| 100 |
_aShort, Rickey _eautor |
||
| 245 | 4 |
_aThe youth minister's first crisis _c/ Rickey Short |
|
| 300 |
_aVolumen 3, número 2 (Spring 1982), páginas 83 - 87 _c; 27 cm |
||
| 520 | _a¿Cómo pueden los pastores de jóvenes anticipar las crisis? ¿Cómo pueden convertir una mala situación en una buena? Ayuda para el pastor de jóvenes que enfrenta una confrontación irracional, injustificada o simplemente inesperada. | ||
| 546 | _aTexto en Inglés | ||
| 650 | 7 |
_92119 _aGestión de conflictos |
|
| 773 | 0 |
_068780 _981983 _oR2472 _tLeadership : _w(CO-MdFUSB)768714001 _gVolumen 3, número 2 (Spring 1982), páginas 83 - 87 _qpáginas 83 |
|
| 942 | _cANA | ||
| 945 | _aJTF-925 | ||
| 999 |
_c68908 _d68908 |
||